[Event "GRE-chT 49th"]
[Site "Thessaloniki"]
[Date "2022.08.15"]
[Round "5.10"]
[White "Simopoulou, Antigoni Anna"]
[Black "Papadokonstantaki, Aikaterini"]
[Result "0-1"]
[WhiteElo "1002"]
[BlackElo "1324"]
[PlyCount "76"]
[EventDate "2022.08.12"]
[EventType "team-swiss"]
[EventRounds "7"]
[EventCountry "GRE"]
[SourceTitle "CBM 209 Extra"]
[Source "ChessBase"]
[SourceDate "2022.09.30"]
[SourceVersion "1"]
[SourceVersionDate "2022.09.30"]
[SourceQuality "1"]
[WhiteTeam "Treis Asteres"]
[BlackTeam "Chania Kethon"]
[WhiteTeamCountry "GRE"]
[BlackTeamCountry "GRE"]

1. e4 e5 2. Nf3 Nc6 3. Bc4 Bc5 4. 0-0 Nf6 5. Nc3 d6 6. h3 Be6 7. d3 Bxc4 8. dxc4 Nd4 9. Be3 Ne6 10. Bxc5 Nxc5 11. Re1 Qd7 12. a3 Qc6 13. Qe2 Ne6 14. b3 Nf4 15. Qe3 h6 16. Rad1 g5 17. Nd5 N6xd5 18. exd5 Qd7 19. Nxe5 Qe7 20. Ng4 Qxe3 21. Rxe3+ Kf8 22. Rde1 h5 23. Nh2 Ng6 24. g4 hxg4 25. hxg4 Kg7 26. Nf3 f6 27. Nd4 Kf7 28. Nf5 Rh7 29. Ng3 Rh4 30. f3 Rah8 31. Nh5 Ne5 32. Kg2 f5 33. Rh1 Rxh1 34. Kxh1 fxg4 35. fxg4 Nxg4 36. Rh3 Nf2+ 37. Kh2 Nxh3 38. Kxh3 Rxh5+ 0-1

[Event "GRE-chT 49th"]
[Site "Thessaloniki"]
[Date "2022.08.13"]
[Round "2"]
[White "Simopoulou, Antigoni Anna"]
[Black "Ergazaki, Eirini"]
[Result "0-1"]
[WhiteElo "1002"]
[BlackElo "1654"]
[PlyCount "98"]
[EventDate "2022.08.12"]
[EventType "team-swiss"]
[EventRounds "7"]
[EventCountry "GRE"]
[SourceTitle "EXT 2024"]
[Source "ChessBase"]
[SourceDate "2023.10.10"]
[SourceVersion "1"]
[SourceVersionDate "2023.10.10"]
[SourceQuality "1"]
[WhiteTeam "Treis Asteres"]
[BlackTeam "Kreta OFI"]
[WhiteTeamCountry "GRE"]
[BlackTeamCountry "GRE"]

1. e4 c5 2. Nf3 e6 3. d4 cxd4 4. Nxd4 a6 5. Nc3 Qc7 6. a3 Nf6 7. Be2 b5 8. Bd2 Bb7 9. f3 Be7 10. 0-0 0-0 11. Re1 Bc5 12. Be3 Qb6 13. e5 Nd5 14. Bf2 Nxc3 15. bxc3 Nc6 16. f4 Rfd8 17. Rf1 d6 18. Nxc6 Qxc6 19. Bf3 Bxf2+ 20. Rxf2 d5 21. Qd3 Rac8 22. Qe2 Qxc3 23. Ra2 Rc4 24. Bg4 Rdc8 25. h3 Re4 26. Qd2 Qxd2 27. Rxd2 Rxf4 28. Re2 Rc3 29. Bf3 Ra4 30. Bg4 Raxa3 31. Rxa3 Rxa3 32. Re1 Rc3 33. Rc1 d4 34. Kf2 Be4 35. Ke2 d3+ 36. Kd2 Rxc2+ 37. Rxc2 dxc2 38. Kc1 Kf8 39. Be2 Ke7 40. g4 Kd7 41. h4 Kc6 42. g5 a5 43. h5 a4 44. Bf1 a3 45. Be2 a2 46. Kb2 a1Q+ 47. Kxa1 c1Q+ 48. Ka2 Bd5+ 49. Bc4 Bxc4# 0-1

[Event "GRE-chT 49th"]
[Site "Thessaloniki"]
[Date "2022.08.12"]
[Round "1.9"]
[White "Pasoglou, Nikoleta"]
[Black "Simopoulou, Antigoni Anna"]
[Result "1-0"]
[WhiteElo "1355"]
[BlackElo "1002"]
[PlyCount "113"]
[EventDate "2022.08.12"]
[EventType "team-swiss"]
[EventRounds "7"]
[EventCountry "GRE"]
[SourceTitle "CBM 209 Extra"]
[Source "ChessBase"]
[SourceDate "2022.09.30"]
[SourceVersion "1"]
[SourceVersionDate "2022.09.30"]
[SourceQuality "1"]
[WhiteTeam "Thessaloniki ES"]
[BlackTeam "Treis Asteres"]
[WhiteTeamCountry "GRE"]
[BlackTeamCountry "GRE"]

1. e4 e5 2. Nf3 Nc6 3. Bb5 Nf6 4. d3 d6 5. c3 a6 6. Ba4 b5 7. Bb3 Be7 8. Nbd2 Bg4 9. Nf1 0-0 10. h3 Bh5 11. Ng3 Bg6 12. 0-0 d5 13. exd5 Nxd5 14. Re1 Bf6 15. Ne4 Nf4 16. Bxf4 exf4 17. d4 Re8 18. Bc2 Qe7 19. Qd2 Qe6 20. Qxf4 Rac8 21. b3 Na5 22. Nc5 Qc6 23. Bxg6 fxg6 24. Ng5 Bxg5 25. Qxg5 h6 26. Qg4 Qf6 27. Rad1 Rcd8 28. Nd7 Qf7 29. Ne5 Qf6 30. Qxg6 Qf8 31. Ng4 Kh8 32. Qxa6 Ra8 33. Qxb5 c6 34. Qd3 Nb7 35. Ne5 Qf6 36. Re2 Rac8 37. Rde1 Rf8 38. Ng6+ Kg8 39. Nxf8 Rxf8 40. Qc4+ Kh8 41. Qe6 Qxe6 42. Rxe6 Ra8 43. Re8+ Rxe8 44. Rxe8+ Kh7 45. Rc8 Na5 46. b4 Nb7 47. Rxc6 g5 48. Rc7+ Kg6 49. Rxb7 Kh5 50. d5 Kh4 51. d6 Kh5 52. d7 Kh4 53. d8Q Kh5 54. Qd1+ Kg6 55. Rb6+ Kg7 56. Qd7+ Kg8 57. Rb8# 1-0